| 000 | 01135nam a2200289Ia 4500 | ||
|---|---|---|---|
| 001 | F6056 | ||
| 003 | IT-RoPAU | ||
| 008 | 130308s9999 xx 000 0 und d | ||
| 040 | _aIT-RoPAU | ||
| 040 | _cIT-RoPAU | ||
| 041 | _aITALIANO | ||
| 100 | _aSecchi Famiglietti Maria | ||
| 100 | _gCodice Aut. SPICS: 51941 | ||
| 245 | _aCircolo virtuoso (Il): dal gioco all'apprendimento | ||
| 245 | _bGioco e Dopogioco. con 48 Giochi di relazione e Comunicazione | ||
| 250 | _a2a ed. | ||
| 260 | _aMOLFETTA (BA) | ||
| 260 | _bLa Meridiana | ||
| 260 | _c1997 [1° Ed.:1995 - Ed.Ling.Originale:1995] | ||
| 300 | _a"8 p. (prefazione: no ; testo: 8 [pagine: 15-22])" | ||
| 500 | _aEconomicità formativa del Gioco. Dall'Animazione di gruppi Alla Formazione di Alunni. progetto formativo Attraverso Il Gioco. Mettersi in Gioco: Valutare e Valutarsi. forza del Gioco Nello Sviluppo cognitivo e Socio Affettivo. Ripercorrere per Apprendere: Debriefing Come interfaccia della Socializzazione. | ||
| 650 | _aPEDAGOGIA DELLA COMUNICAZIONE SOCIALE | ||
| 650 | _eCodice materia Spics: 3804 | ||
| 942 | _cBK | ||
| 957 | _71 | ||
| 999 |
_c79918 _d79918 |
||
| 999 | _g1 | ||